000 00642nam a2200205Ia 4500
003 IIN
005 20240103112134.0
008 231217s9999 xx 000 0 und d
020 _cRs. 395.00
_a9788171793846
040 _aIIN
082 _a616.0252
_bGUP
100 1 _aGupta, L.C.
245 1 _aManual of First Aid
_bManagement of General Injuries, Sports Injuries and Common Ailments
_cL.C. Gupta and Abhitabh Gupta
260 _bJaypee
_aNew Delhi
_c1995
300 _axiv, 441 p.
650 1 _aFirst aid
_vGeneral Injuries
650 1 _aFirst aid in illness and injury
_vStudy and teaching
700 1 _aGupta, Abhitabh
942 _cBOOK
999 _c495
_d495